Ekonomický rast a ekonomické rovnováhy v národnom hospodárstve

Saved in:
Bibliographic Details
Main Author: Mokrý, Vladimír
Corporate Author: Ekonomická univerzita v Bratislave. Národohospodárska fakulta
Format: Book
Language:Slovak
Published: Bratislava Ekonóm 2003
Subjects:
Tags: Add Tag
No Tags, Be the first to tag this record!

MARC

LEADER 00000nam a2200000 4500
001 c141605
005 20221108125154.9
020 |a 80-225-1643-0 
041 0 |a slo 
044 |a SK 
245 1 0 |a Ekonomický rast a ekonomické rovnováhy v národnom hospodárstve  |c Vladimír Mokrý 
264 1 |a Bratislava  |b Ekonóm  |c 2003 
300 |a 106 s. 
610 2 0 |a rast hospodársky 
610 2 0 |a rovnováha hospodárska 
610 2 0 |a hospodárstvo trhové 
610 2 0 |a trh 
610 2 0 |a trh práce 
610 2 0 |a trh kapitálový 
610 2 0 |a trh peňažný 
610 2 0 |a papiere cenné 
610 2 0 |a dopyt 
610 2 0 |a ponuka 
610 2 0 |a hospodárstvo národné 
610 2 0 |a rozpočet štátny 
610 2 0 |a príjmy rozpočtu štátneho 
610 2 0 |a výdavky rozpočtu štátneho 
100 1 |a Mokrý, Vladimír 
710 2 |a Ekonomická univerzita v Bratislave. Národohospodárska fakulta